[Event "Bad Woerishofen Seniors op 28th"]
[Site "Bad Woerishofen"]
[Date "2012.03.03"]
[Round "2.58"]
[White "Goris Schouwstra, Adry"]
[Black "Seitz, Heinz"]
[Result "1-0"]
[WhiteElo "1999"]
[BlackElo "1388"]
[PlyCount "65"]
[EventDate "2012.03.02"]
[EventType "swiss"]
[EventRounds "9"]
[EventCountry "GER"]
[SourceTitle "EXT 2022"]
[Source "ChessBase"]
[SourceDate "2021.10.06"]
[SourceVersion "1"]
[SourceVersionDate "2021.10.06"]
[SourceQuality "1"]

1. d4 d5 2. Nf3 e6 3. e3 a6 4. Be2 Nd7 5. 0-0 c5 6. c4 Ngf6 7. cxd5 exd5 8. dxc5 Nxc5 9. b4 Ne6 10. Bb2 b5 11. a3 Bb7 12. Nbd2 Be7 13. Rc1 0-0 14. Nd4 Nxd4 15. Bxd4 Nd7 16. Nb3 Rc8 17. Qd2 f5 18. Bf3 h6 19. Rxc8 Qxc8 20. Rc1 Qb8 21. Na5 Ba8 22. Nc6 Bxc6 23. Rxc6 Qb7 24. Bxd5+ Rf7 25. Bxf7+ Kxf7 26. Qa2+ Kf8 27. Qc2 Nf6 28. Rc8+ Kf7 29. Qxf5 Qe4 30. Qxe4 Nxe4 31. Rc6 a5 32. bxa5 Bxa3 33. a6 1-0

[Event "Bad Woerishofen Seniors op 21st"]
[Site "Bad Woerishofen"]
[Date "2005.03.05"]
[Round "3"]
[White "Hoenig, Josef"]
[Black "Seitz, Heinz"]
[Result "1-0"]
[WhiteElo "1579"]
[BlackElo "1457"]
[PlyCount "53"]
[EventDate "2005.03.03"]
[EventType "swiss"]
[EventRounds "9"]
[EventCountry "GER"]
[SourceTitle "EXT 2006"]
[Source "ChessBase"]
[SourceDate "2005.11.24"]
[SourceVersion "1"]
[SourceVersionDate "2005.11.24"]
[SourceQuality "1"]

1. Nf3 Nf6 2. d4 e6 3. c3 c5 4. Bg5 cxd4 5. Nxd4 Be7 6. Qc2 d5 7. e3 a6 8. Bxf6 Bxf6 9. Bd3 h6 10. Nd2 Nc6 11. 0-0 Ne5 12. Be2 0-0 13. f4 Nc6 14. N2f3 Nxd4 15. exd4 b5 16. Ne5 Bxe5 17. fxe5 f6 18. exf6 Rxf6 19. Rxf6 Qxf6 20. Rf1 Qe7 21. Qg6 e5 22. dxe5 Bf5 23. Qxf5 Rf8 24. Qxf8+ Qxf8 25. Rxf8+ Kxf8 26. Bf3 Ke7 27. Bxd5 1-0

[Event "Bad Woerishofen Seniors op 21st"]
[Site "Bad Woerishofen"]
[Date "2005.03.04"]
[Round "2"]
[White "Seitz, Heinz"]
[Black "Schuster, Herbert"]
[Result "0-1"]
[WhiteElo "1457"]
[BlackElo "1641"]
[PlyCount "138"]
[EventDate "2005.03.03"]
[EventType "swiss"]
[EventRounds "9"]
[EventCountry "GER"]
[SourceTitle "EXT 2006"]
[Source "ChessBase"]
[SourceDate "2005.11.24"]
[SourceVersion "1"]
[SourceVersionDate "2005.11.24"]
[SourceQuality "1"]

1. d4 Nf6 2. c4 e6 3. Nc3 d5 4. e3 c5 5. Nf3 Nc6 6. Bd3 dxc4 7. Bxc4 cxd4 8. Nxd4 Nxd4 9. Qxd4 Qxd4 10. exd4 Bd7 11. 0-0 a6 12. Re1 Bb4 13. a3 Be7 14. d5 0-0 15. dxe6 Bxe6 16. Bxe6 fxe6 17. Rxe6 Kf7 18. Rb6 Bc5 19. Rxb7+ Kg6 20. h3 Rae8 21. Bd2 Bxf2+ 22. Kh1 Nh5 23. g4 Nf6 24. Rb4 Re6 25. Rf4 Be3 26. Bxe3 Rxe3 27. Kg2 Rd8 28. Raf1 h6 29. R4f3 Rxf3 30. Rxf3 Rd2+ 31. Rf2 Rd4 32. Re2 Kg5 33. Kg3 Rd3+ 34. Kg2 Kh4 35. Ne4 Nxe4 36. Rxe4 Rd2+ 37. Kf3 Rd3+ 38. Kf4 g5+ 39. Kf5 Kxh3 40. Ra4 Rd6 41. Re4 Rb6 42. b4 Kg3 43. Re3+ Kh4 44. Re5 Rb5 45. Rxb5 axb5 46. a4 bxa4 47. b5 a3 48. b6 a2 49. b7 a1Q 50. b8Q Qa5+ 51. Kg6 Kxg4 52. Kxh6 Qa6+ 53. Kg7 Qe6 54. Qb4+ Kh5 55. Qc5 Qg6+ 56. Kf8 Qf6+ 57. Ke8 Kh4 58. Qg1 g4 59. Qh1+ Kg5 60. Qc1+ Qf4 61. Qc5+ Kh4 62. Qe7+ Kh3 63. Qh7+ Kg2 64. Qc2+ Kh3 65. Qh7+ Kg3 66. Qd3+ Qf3 67. Qd6+ Kf2 68. Qh2+ Kf1 69. Qc2 Qe2+ 0-1

[Event "Bad Woerishofen Seniors op 19th"]
[Site "Bad Woerishofen"]
[Date "2003.03.17"]
[Round "5"]
[White "Hennige, Anneliese"]
[Black "Seitz, Heinz"]
[Result "0-1"]
[WhiteElo "1236"]
[BlackElo "1515"]
[PlyCount "44"]
[EventDate "2003.03.13"]
[EventType "swiss"]
[EventRounds "9"]
[EventCountry "GER"]
[SourceTitle "EXT 2004"]
[Source "ChessBase"]
[SourceDate "2003.11.25"]
[SourceVersion "1"]
[SourceVersionDate "2003.11.25"]
[SourceQuality "1"]

1. e4 c5 2. Nf3 e6 3. d4 cxd4 4. Nxd4 g6 5. Nc3 a6 6. Bd3 Nc6 7. Be3 Bg7 8. Nde2 Ne5 9. 0-0 Nxd3 10. cxd3 Ne7 11. Bd4 0-0 12. Be3 h6 13. f4 f5 14. Rc1 b5 15. Ng3 Bb7 16. a3 d5 17. exd5 Nxd5 18. Qd2 Nxe3 19. Qxe3 Bd4 20. Nd1 Bxe3+ 21. Nxe3 Qxd3 22. Nc2 Qd2 0-1